| 000 | 01149nam a2200337 a 4500 | ||
|---|---|---|---|
| 001 | vtls000940277 | ||
| 003 | NLI | ||
| 005 | 20210627091237.0 | ||
| 008 | 111024s2011 enk e 001 0 eng d | ||
| 020 |
_a9780415778855 : _c£ 80.00 |
||
| 039 | 9 |
_a201111171953 _bsupriya_alio _y201110242235 _ztriptidr |
|
| 040 |
_aNLI _beng |
||
| 041 | 0 | _aeng | |
| 044 | _aii | ||
| 082 | 0 | 4 |
_a337.18 _222 |
| 100 | 1 |
_aCason, Jeffrey W. _9885009 |
|
| 245 | 1 | 4 |
_aThe political economy of integration : _bthe experience of Mercosur/ _cJeffery W. Cason |
| 260 |
_aLondon : _bRoutledge, _c2011 |
||
| 300 |
_axvi, 150 p.; _c24 cm. |
||
| 504 | _aIncludes bibliographical references and index | ||
| 651 | 0 |
_aSouth America _xEconomic integration _9885010 |
|
| 651 | 0 |
_aEuropean Union countries _xEconomic integration _9774926 |
|
| 887 | _aTripti Das Roy | ||
| 901 |
_a566973 : _b15.07.11 |
||
| 902 | _aE 337.18 C 27 | ||
| 904 | _aTripti Das Roy | ||
| 949 |
_AVIRTUAITEM _D10000 _X100 _6PUR000565973ENG |
||
| 942 |
_2ddc _cBKS |
||
| 999 |
_aVIRTUA _c763585 _d763585 |
||
| 999 | _aVTLSSORT0080*0200*0400*0410*0440*0820*1000*2450*2600*3000*5040*6510*6511*8520*9010*9020*9040*9992 | ||